[Event "Hastings Weekend Open 2024/25"]
[Site "Hastings"]
[Date "2025.01.04"]
[Round "3.1"]
[White "Liu, Tianyi (Jack)"]
[Black "Yu, Rock"]
[Result "1-0"]
[WhiteElo "2180"]
[BlackElo "1952"]
[PlyCount "119"]
[EventDate "2025.01.03"]
[EventType "swiss"]
[EventRounds "5"]
[EventCountry "ENG"]
[SourceTitle "BritBase"]
[Source "John Saunders"]
[SourceDate "2025.01.10"]
[SourceVersion "1"]
[SourceVersionDate "2025.01.10"]
[SourceQuality "1"]

1. e4 c5 2. Nf3 Nf6 3. Nc3 d5 4. exd5 Nxd5 5. Bb5+ Bd7 6. Bxd7+ Qxd7 7. O-O Nc6 8. Ne4 e5 9. d3 O-O-O 10. Re1 f6 11. a3 Be7 12. h4 h6 13. h5 g5 14. hxg6 Rdg8 15. Ng3 Rxg6 16. c3 Rg4 17. Nh2 Rg6 18. Nf3 Rhg8 19. Nh4 Rg4 20. Nhf5 Bf8 21. Re4 Nf4 22. Qf3 Qc7 23. Bxf4 exf4 24. Re8+ Nd8 25. Rxf8 fxg3 26. Rxg8 gxf2+ 27. Qxf2 Rxg8 28. Re1 Rg5 29. Nxh6 Rh5 30. Ng4 Qh7 31. Qxf6 Qxd3 32. Qf3 Qg6 33. Qe4 Qd6 34. Nf2 Qh2+ 35. Kf1 Rg5 36. Re3 Qh6 37. Rh3 Qd6 38. Rd3 Qf6 39. Rd5 Nc6 40. Rxg5 Qxg5 41. Qg4+ Qxg4 42. Nxg4 Kd7 43. Ke2 Ke6 44. Kd3 Kf5 45. Ne3+ Kf4 46. Nf1 Ne5+ 47. Kc2 c4 48. a4 a6 49. b3 b5 50. axb5 cxb3+ 51. Kxb3 axb5 52. Kb4 Nd3+ 53. Kxb5 Ne1 54. g3+ Kf3 55. c4 Nd3 56. c5 Ke4 57. c6 Kd5 58. Kb6 Nc5 59. c7 Nd7+ 60. Ka7 1-0

[Event "Hastings Weekend Open 2024/25"]
[Site "Hastings"]
[Date "2025.01.04"]
[Round "3.2"]
[White "Patel, Zain"]
[Black "Batchelor, Paul A"]
[Result "1-0"]
[WhiteElo "2113"]
[BlackElo "1933"]
[PlyCount "113"]
[EventDate "2025.01.03"]
[EventType "swiss"]
[EventRounds "5"]
[EventCountry "ENG"]
[SourceTitle "BritBase"]
[Source "John Saunders"]
[SourceDate "2025.01.10"]
[SourceVersion "1"]
[SourceVersionDate "2025.01.10"]
[SourceQuality "1"]

1. Nf3 f5 2. d3 Nf6 3. e4 fxe4 4. dxe4 Nxe4 5. Bd3 d5 6. Bxe4 dxe4 7. Qxd8+ Kxd8 8. Ng5 Ke8 9. Nxe4 g6 10. O-O h6 11. Re1 Kf7 12. Bd2 Bg7 13. Bc3 Nd7 14. Bxg7 Kxg7 15. Nbc3 c6 16. Rad1 Nf6 17. Nxf6 Kxf6 18. Ne4+ Kf7 19. Nc5 Bf5 20. c3 Rhd8 21. Nxb7 Rxd1 22. Rxd1 Rb8 23. Nd8+ Kf6 24. Nxc6 Rxb2 25. Nxa7 Rxa2 26. Nb5 Rb2 27. Nd4 Rb1 28. Rxb1 Bxb1 29. Kf1 e5 30. Nf3 Bd3+ 31. Ke1 g5 32. h3 Ke6 33. Nd2 Kd5 34. f3 Bf5 35. Ke2 Bc8 36. Ke3 Ba6 37. g4 Ke6 38. c4 Bb7 39. Ne4 Ke7 40. Ng3 Kf6 41. c5 Bd5 42. Ne4+ Ke7 43. Nd6 Kf6 44. Nb5 Ke7 45. Nc3 Bc6 46. Na2 Bb5 47. Nc3 Bf1 48. Kf2 Bxh3 49. Ne4 Kd7 50. Nd2 h5 51. Kg3 e4 52. Kxh3 e3 53. Nc4 e2 54. Ne5+ Ke6 55. Nd3 h4 56. f4 gxf4 57. Nxf4+ 1-0

[Event "Hastings Weekend Open 2024/25"]
[Site "Hastings"]
[Date "2025.01.04"]
[Round "3.3"]
[White "Mikalajunas, Kajus"]
[Black "Kalavannan, Koby"]
[Result "1-0"]
[WhiteElo "1975"]
[BlackElo "2300"]
[PlyCount "65"]
[EventDate "2025.01.03"]
[EventType "swiss"]
[EventRounds "5"]
[EventCountry "ENG"]
[SourceTitle "BritBase"]
[Source "John Saunders"]
[SourceDate "2025.01.10"]
[SourceVersion "1"]
[SourceVersionDate "2025.01.10"]
[SourceQuality "1"]

1. Nf3 c5 2. c4 Nc6 3. Nc3 g6 4. e3 Nf6 5. d4 cxd4 6. exd4 d5 7. cxd5 Nxd5 8. Qb3 Nxc3 9. Bc4 Nd5 10. Bxd5 e6 11. Bxc6+ bxc6 12. O-O Qd5 13. Qe3 c5 14. dxc5 Qxc5 15. Qf4 Bg7 16. Be3 Qb5 17. Qd6 Qd7 18. Qa3 Bb7 19. Rfd1 Bd5 20. Rac1 Rb8 21. b3 Rb7 22. Nd2 Be5 23. Nc4 Bc7 24. Bd4 Rg8 25. Ne3 f5 26. Nxd5 exd5 27. Qa6 Bd8 28. Rc6 Be7 29. Re1 Kd8 30. Qa5+ Ke8 31. Rce6 Qd8 32. Qa6 Qc8 33. Rxe7+ 1-0

[Event "Hastings Weekend Open 2024/25"]
[Site "Hastings"]
[Date "2025.01.04"]
[Round "3.4"]
[White "Barantsev, Oleg"]
[Black "Venkataramanan, T.S."]
[Result "0-1"]
[WhiteElo "1917"]
[BlackElo "2215"]
[PlyCount "76"]
[EventDate "2025.01.03"]
[EventType "swiss"]
[EventRounds "5"]
[EventCountry "ENG"]
[SourceTitle "BritBase"]
[Source "John Saunders"]
[SourceDate "2025.01.10"]
[SourceVersion "1"]
[SourceVersionDate "2025.01.10"]
[SourceQuality "1"]

1. e4 e5 2. Nf3 Nc6 3. Bb5 a6 4. Ba4 Nf6 5. O-O Be7 6. Re1 b5 7. Bb3 O-O 8. d4 d6 9. c3 Bb7 10. Bg5 h6 11. Bh4 Re8 12. Nbd2 Bf8 13. a4 g5 14. dxe5 Nxe5 15. Nxe5 dxe5 16. Bg3 c5 17. Qe2 c4 18. Bc2 Qc7 19. axb5 axb5 20. Rxa8 Bxa8 21. Nf3 Nh5 22. b3 Nf4 23. Bxf4 exf4 24. bxc4 bxc4 25. Nd2 Bd5 26. h4 f6 27. hxg5 hxg5 28. Qf1 Bf7 29. Bb1 Bc5 30. Nf3 Kg7 31. Nd4 Rh8 32. f3 Qa5 33. Qf2 Qxc3 34. Rd1 Rd8 35. Nf5+ Kh7 36. Qxc5 Rxd1+ 37. Kh2 Qe1 38. Qf8 Qh1# 0-1

[Event "Hastings Weekend Open 2024/25"]
[Site "Hastings"]
[Date "2025.01.04"]
[Round "3.5"]
[White "Keely, Leo A"]
[Black "Suez-Panama, Gilles"]
[Result "1-0"]
[WhiteElo "1899"]
[BlackElo "1979"]
[PlyCount "153"]
[EventDate "2025.01.03"]
[EventType "swiss"]
[EventRounds "5"]
[EventCountry "ENG"]
[SourceTitle "BritBase"]
[Source "John Saunders"]
[SourceDate "2025.01.10"]
[SourceVersion "1"]
[SourceVersionDate "2025.01.10"]
[SourceQuality "1"]

1. e4 e6 2. d4 d5 3. e5 c5 4. c3 Nc6 5. Be3 Nge7 6. Nf3 Nf5 7. Bd3 cxd4 8. Bxd4 Nfxd4 9. cxd4 Bd7 10. O-O Qb6 11. Qb3 Nb4 12. Be2 Be7 13. a3 Nc6 14. Qxb6 axb6 15. Nc3 f6 16. Bb5 Kf7 17. Rfe1 Rhd8 18. Rac1 Ra5 19. Bd3 fxe5 20. dxe5 Kg8 21. h4 Rf8 22. Ng5 h6 23. Nf3 Be8 24. Nb5 Bh5 25. Nfd4 Nxd4 26. Nxd4 Bc5 27. Nxe6 Bxf2+ 28. Kh2 Re8 29. Rf1 Bxh4 30. Nf4 Bg4 31. e6 Bg5 32. Bg6 Rf8 33. Bf7+ Kh7 34. Ng6 Raa8 35. Rc7 Rfc8 36. Rxc8 Rxc8 37. e7 Bd7 38. Nf8+ Kh8 39. Nxd7 Bxe7 40. Bxd5 Rc2 41. Kh1 Rxb2 42. Ne5 Bf6 43. Nd7 Be7 44. Re1 Bxa3 45. Re8+ Kh7 46. Be4+ g6 47. Re6 Kg7 48. Rxg6+ Kf7 49. Ne5+ Ke7 50. Nc4 Rb4 51. Nxa3 Rxe4 52. Rxb6 Ra4 53. Rxb7+ Kf6 54. Nc2 Re4 55. Kh2 Kg5 56. Rd7 Kg6 57. Nd4 Re1 58. Nf3 Ra1 59. Rd6+ Kg7 60. Nh4 Ra5 61. Rg6+ Kh7 62. Rg3 Re5 63. Ra3 Kg7 64. g3 Kf6 65. Kh3 h5 66. Ra6+ Kg7 67. Ng2 Rb5 68. Nf4 Kh7 69. Kh4 Kg7 70. Nxh5+ Kf7 71. g4 Rb4 72. Ng3 Rb1 73. Nf5 Rh1+ 74. Kg5 Rh2 75. Ra7+ Ke6 76. Re7+ Kd5 77. Re1 1-0

[Event "Hastings Weekend Open 2024/25"]
[Site "Hastings"]
[Date "2025.01.04"]
[Round "3.6"]
[White "Kim, Yegeon"]
[Black "Ashton, Alannah"]
[Result "1/2-1/2"]
[WhiteElo "1697"]
[BlackElo "1953"]
[PlyCount "60"]
[EventDate "2025.01.03"]
[EventType "swiss"]
[EventRounds "5"]
[EventCountry "ENG"]
[SourceTitle "BritBase"]
[Source "John Saunders"]
[SourceDate "2025.01.10"]
[SourceVersion "1"]
[SourceVersionDate "2025.01.10"]
[SourceQuality "1"]

1. e4 c5 2. Nf3 d6 3. Bb5+ Nd7 4. c3 Ngf6 5. Qe2 a6 6. Ba4 b5 7. Bc2 Bb7 8. d4 g6 9. O-O Bg7 10. Rd1 cxd4 11. cxd4 O-O 12. a4 Qc7 13. Bd3 e5 14. axb5 axb5 15. Rxa8 Rxa8 16. dxe5 dxe5 17. b4 Nb6 18. Bg5 Qe7 19. Nbd2 Na4 20. Rc1 Qxb4 21. Bxf6 Bxf6 22. Bxb5 Nc3 23. Qc4 Qxc4 24. Bxc4 Nxe4 25. Bxf7+ Kf8 26. Bc4 Nxd2 27. Nxd2 Bg5 28. Rb1 Bxg2 29. Kxg2 Bxd2 30. Rb7 h5 1/2-1/2

[Event "Hastings Weekend Open 2024/25"]
[Site "Hastings"]
[Date "2025.01.04"]
[Round "3.7"]
[White "Gosling, Marcus"]
[Black "Alcindor, Samuel"]
[Result "1/2-1/2"]
[WhiteElo "1930"]
[BlackElo "1927"]
[PlyCount "101"]
[EventDate "2025.01.03"]
[EventType "swiss"]
[EventRounds "5"]
[EventCountry "ENG"]
[SourceTitle "BritBase"]
[Source "John Saunders"]
[SourceDate "2025.01.10"]
[SourceVersion "1"]
[SourceVersionDate "2025.01.10"]
[SourceQuality "1"]

1. d4 Nf6 2. c4 c5 3. d5 b5 4. cxb5 a6 5. bxa6 g6 6. Nc3 Bxa6 7. Nf3 d6 8. g3 Bg7 9. Bg2 O-O 10. O-O Nbd7 11. Re1 Qc7 12. Qc2 Ra7 13. a4 Rb8 14. Nd2 Nb6 15. Rb1 c4 16. Nf1 Qc5 17. Be3 Qb4 18. Bd4 Ng4 19. Bxg7 Kxg7 20. Qe4 Nf6 21. Qd4 Qa5 22. g4 Kg8 23. Ne3 Rc7 24. g5 Nfd7 25. Ng4 h5 26. gxh6 f6 27. Qe3 Ne5 28. Nxe5 dxe5 29. Qg3 Kh7 30. Be4 Rg8 31. Kh1 Nd7 32. Rg1 Nf8 33. d6 exd6 34. Nd5 Rf7 35. Ne3 Bb7 36. Bxb7 Rxb7 37. Qf3 Rf7 38. Nxc4 Qc5 39. Rgc1 Nd7 40. b4 Qd4 41. Qe3 Qd5+ 42. f3 Rc8 43. Qd3 Qc6 44. Qxd6 Qxa4 45. Qe6 Rff8 46. Nd6 Rxc1+ 47. Rxc1 Kxh6 48. Qh3+ Kg7 49. Qe6 Kh6 50. Qh3+ Kg7 51. Kg2 1/2-1/2

[Event "Hastings Weekend Open 2024/25"]
[Site "Hastings"]
[Date "2025.01.04"]
[Round "3.8"]
[White "Freeman, Luke"]
[Black "Wilson, Matthew R"]
[Result "1-0"]
[WhiteElo "1887"]
[BlackElo "1772"]
[PlyCount "49"]
[EventDate "2025.01.03"]
[EventType "swiss"]
[EventRounds "5"]
[EventCountry "ENG"]
[SourceTitle "BritBase"]
[Source "John Saunders"]
[SourceDate "2025.01.10"]
[SourceVersion "1"]
[SourceVersionDate "2025.01.10"]
[SourceQuality "1"]

1. e4 e5 2. Nc3 Nf6 3. f4 d5 4. fxe5 Nxe4 5. Qf3 Nxc3 6. dxc3 Nc6 7. Bf4 g5 8. Bg3 h5 9. Bb5 g4 10. Qd3 Bh6 11. Ne2 a6 12. Bxc6+ bxc6 13. O-O a5 14. Qd4 Be6 15. Bf4 Qe7 16. Bxh6 Rxh6 17. Qf4 Rg6 18. Nd4 c5 19. Nxe6 Rxe6 20. Rae1 c6 21. Qf5 O-O-O 22. Qxh5 Rg8 23. Rxf7 Qd8 24. Ra7 Re7 25. Ra8+ 1-0

[Event "Hastings Weekend Open 2024/25"]
[Site "Hastings"]
[Date "2025.01.04"]
[Round "3.9"]
[White "Freeland, Alex"]
[Black "Ponting, Andrew"]
[Result "1-0"]
[WhiteElo "2040"]
[BlackElo "1923"]
[PlyCount "87"]
[EventDate "2025.01.03"]
[EventType "swiss"]
[EventRounds "5"]
[EventCountry "ENG"]
[SourceTitle "BritBase"]
[Source "John Saunders"]
[SourceDate "2025.01.10"]
[SourceVersion "1"]
[SourceVersionDate "2025.01.10"]
[SourceQuality "1"]

1. d4 d5 2. c4 c6 3. cxd5 cxd5 4. Nc3 Nf6 5. Bf4 Nc6 6. e3 a6 7. Bd3 g6 8. Nf3 Bg4 9. h3 Bxf3 10. Qxf3 Bg7 11. O-O e6 12. Rfc1 Nd7 13. Bd6 Bf8 14. Bg3 Bg7 15. Rab1 O-O 16. b4 e5 17. Nxd5 exd4 18. e4 Nde5 19. Qe2 Nxd3 20. Qxd3 Rc8 21. b5 Ne5 22. Bxe5 Rxc1+ 23. Rxc1 Bxe5 24. bxa6 bxa6 25. Qxa6 Qa8 26. Qc4 Qa3 27. Qc5 Qxc5 28. Rxc5 Kg7 29. f4 Bb8 30. Kf1 Re8 31. e5 g5 32. g3 gxf4 33. gxf4 Rd8 34. Ke2 Rd7 35. Rb5 Ba7 36. Kd3 Kg6 37. Ke4 f5+ 38. exf6 Kf7 39. f5 Kf8 40. a4 Kf7 41. a5 Kf8 42. h4 Kf7 43. a6 Ke8 44. Rb7 1-0

[Event "Hastings Weekend Open 2024/25"]
[Site "Hastings"]
[Date "2025.01.04"]
[Round "3.10"]
[White "Flynn, David"]
[Black "Kilambi, Venkata Ananth Aksh"]
[Result "0-1"]
[WhiteElo "1846"]
[BlackElo "1910"]
[PlyCount "162"]
[EventDate "2025.01.03"]
[EventType "swiss"]
[EventRounds "5"]
[EventCountry "ENG"]
[SourceTitle "BritBase"]
[Source "John Saunders"]
[SourceDate "2025.01.10"]
[SourceVersion "1"]
[SourceVersionDate "2025.01.10"]
[SourceQuality "1"]

1. e4 c6 2. d4 d5 3. exd5 cxd5 4. Bd3 Nc6 5. c3 g6 6. Nf3 Bf5 7. Bxf5 gxf5 8. Bg5 Qd6 9. g3 Bh6 10. Qd2 Bxg5 11. Qxg5 Qe6+ 12. Kf1 Nf6 13. Nbd2 Ne4 14. Nxe4 fxe4 15. Nh4 O-O-O 16. Qf5 Kd7 17. Ke2 Na5 18. f3 Qxf5 19. Nxf5 e6 20. Ne3 exf3+ 21. Kxf3 b5 22. a4 Rb8 23. axb5 Rxb5 24. b4 Nc6 25. Ng4 Ke7 26. Ke3 Rc8 27. Ra6 Rb7 28. Kd2 Nb8 29. Ra3 a6 30. Ne5 f6 31. Nd3 Rb6 32. Re1 Nd7 33. Nf4 Rd6 34. Ra5 Nb6 35. Kd3 Rdc6 36. Rc5 Kd7 37. Nh5 Ke7 38. Nf4 Kf7 39. Rxc6 Rxc6 40. Ra1 Nc4 41. Re1 Na3 42. Kd2 Nb5 43. Re3 Nd6 44. Kc2 Ne4 45. Kb3 Ke7 46. Kc2 Kd6 47. Ne2 e5 48. Rf3 Ke6 49. dxe5 fxe5 50. Kb2 Nd6 51. Rf8 Rc4 52. Ra8 d4 53. cxd4 exd4 54. Rxa6 Ke5 55. Nf4 Rxb4+ 56. Kc2 Rc4+ 57. Kb3 Rc3+ 58. Kb2 Nc4+ 59. Kb1 d3 60. Nxd3+ Rxd3 61. Ra7 h6 62. Rc7 Ne3 63. Rh7 Rd6 64. Rg7 Nf5 65. Rg8 Ke4 66. Re8+ Kf3 67. Rf8 Kg4 68. h3+ Kg5 69. g4 Ne7 70. Re8 Ng6 71. Rg8 Kh4 72. Rg7 Kxh3 73. Rh7 Nf4 74. Rg7 Rg6 75. Rh7 Kxg4 76. Rh8 h5 77. Kc2 h4 78. Kd2 h3 79. Ke1 Kg3 80. Kf1 h2 81. Rh7 Nh3 0-1

[Event "Hastings Weekend Open 2024/25"]
[Site "Hastings"]
[Date "2025.01.04"]
[Round "3.11"]
[White "Waterfield, Mark"]
[Black "Pick, Freddie"]
[Result "1/2-1/2"]
[WhiteElo "1842"]
[BlackElo "1874"]
[PlyCount "46"]
[EventDate "2025.01.03"]
[EventType "swiss"]
[EventRounds "5"]
[EventCountry "ENG"]
[SourceTitle "BritBase"]
[Source "John Saunders"]
[SourceDate "2025.01.10"]
[SourceVersion "1"]
[SourceVersionDate "2025.01.10"]
[SourceQuality "1"]

1. e4 c5 2. Nf3 Nc6 3. d4 cxd4 4. Nxd4 Nf6 5. Nc3 e5 6. Ndb5 d6 7. Bg5 a6 8. Na3 b5 9. Nd5 Be7 10. Bxf6 Bxf6 11. c3 O-O 12. Nc2 Bg5 13. a4 bxa4 14. Rxa4 a5 15. b4 Be6 16. Bc4 Ne7 17. O-O Nxd5 18. Bxd5 Bxd5 19. Qxd5 axb4 20. Rxa8 Qxa8 21. Nxb4 Qa3 22. Qxd6 Qxc3 23. Nd5 Qb2 1/2-1/2

[Event "Hastings Weekend Open 2024/25"]
[Site "Hastings"]
[Date "2025.01.04"]
[Round "3.12"]
[White "Plotnikov, Dmytro"]
[Black "Gorskovs, Andrejs"]
[Result "1-0"]
[WhiteElo "1720"]
[BlackElo "1863"]
[PlyCount "83"]
[EventDate "2025.01.03"]
[EventType "swiss"]
[EventRounds "5"]
[EventCountry "ENG"]
[SourceTitle "BritBase"]
[Source "John Saunders"]
[SourceDate "2025.01.10"]
[SourceVersion "1"]
[SourceVersionDate "2025.01.10"]
[SourceQuality "1"]

1. e4 e5 2. Nf3 Nc6 3. d4 exd4 4. Nxd4 Bc5 5. Be3 Qf6 6. c3 Nge7 7. Be2 O-O 8. O-O Bb6 9. Qd2 d5 10. Bg5 Qd6 11. Nxc6 bxc6 12. exd5 cxd5 13. Bf3 Be6 14. Na3 Rad8 15. Nc4 Qd7 16. Ne5 Qd6 17. Bxe7 Qxe5 18. Bxf8 Kxf8 19. Rfe1 Qf6 20. Rad1 d4 21. cxd4 Rxd4 22. Qc2 c5 23. Qxh7 Rxd1 24. Qh8+ Ke7 25. Rxd1 Qxb2 26. Qh4+ f6 27. Qh7 Kf8 28. Qh8+ Kf7 29. Bh5+ g6 30. Qh7+ Kf8 31. Qh6+ Ke7 32. Qg7+ Bf7 33. Bxg6 Qxa2 34. Bxf7 Qxf7 35. Rd7+ Kxd7 36. Qxf7+ Kc6 37. Qxf6+ Kb5 38. Qb2+ Ka4 39. h4 c4 40. h5 Ba5 41. h6 c3 42. Qc2+ 1-0

[Event "Hastings Weekend Open 2024/25"]
[Site "Hastings"]
[Date "2025.01.04"]
[Round "3.13"]
[White "Butt, Laurence"]
[Black "Graham, David B"]
[Result "0-1"]
[WhiteElo "1818"]
[BlackElo "2129"]
[PlyCount "82"]
[EventDate "2025.01.03"]
[EventType "swiss"]
[EventRounds "5"]
[EventCountry "ENG"]
[SourceTitle "BritBase"]
[Source "John Saunders"]
[SourceDate "2025.01.10"]
[SourceVersion "1"]
[SourceVersionDate "2025.01.10"]
[SourceQuality "1"]

1. d4 d5 2. f4 e6 3. Nf3 c5 4. e3 Nc6 5. c3 Nf6 6. Bd3 b6 7. O-O Bb7 8. Bd2 Bd6 9. Ne5 Qc7 10. Be1 a6 11. Nd2 c4 12. Bc2 b5 13. a3 O-O-O 14. g4 Ne8 15. Bg3 f6 16. Nxc6 Bxc6 17. e4 dxe4 18. Bxe4 Bd5 19. Qf3 Qb7 20. Bxd5 exd5 21. f5 Bxg3 22. hxg3 Nc7 23. b3 Rhe8 24. Rae1 Rxe1 25. Rxe1 Re8 26. Rxe8+ Nxe8 27. Qe3 Qd7 28. g5 Nd6 29. g4 Kc7 30. gxf6 gxf6 31. Qf4 Kc6 32. bxc4 bxc4 33. a4 a5 34. Nf3 Kc7 35. Qh2 Qxa4 36. Qxh7+ Qd7 37. Qh6 Qe7 38. Qf4 Qe4 39. Qg3 Qe3+ 40. Kg2 a4 41. Qh2 Qe2+ 0-1

[Event "Hastings Weekend Open 2024/25"]
[Site "Hastings"]
[Date "2025.01.04"]
[Round "3.14"]
[White "Karangad, Mohit"]
[Black "Zhang, Kendrick Botong"]
[Result "0-1"]
[WhiteElo "1817"]
[BlackElo "1994"]
[PlyCount "52"]
[EventDate "2025.01.03"]
[EventType "swiss"]
[EventRounds "5"]
[EventCountry "ENG"]
[SourceTitle "BritBase"]
[Source "John Saunders"]
[SourceDate "2025.01.10"]
[SourceVersion "1"]
[SourceVersionDate "2025.01.10"]
[SourceQuality "1"]

1. d4 Nf6 2. c4 g6 3. h4 d5 4. cxd5 c5 5. dxc6 Nxc6 6. e3 e5 7. dxe5 Bb4+ 8. Bd2 Ne4 9. Nf3 Bg4 10. Be2 Qa5 11. Ng5 Nxd2 12. Nxd2 Rd8 13. Nge4 Bxe2 14. Qxe2 Nxe5 15. O-O Bxd2 16. Rfd1 Bb4 17. Rxd8+ Kxd8 18. f4 Nc6 19. a3 Be7 20. b4 Qf5 21. Qc4 Qe6 22. Qc3 Re8 23. b5 Qxe4 24. Qd2+ Kc8 25. bxc6 bxc6 26. Rc1 Bxa3 0-1

[Event "Hastings Weekend Open 2024/25"]
[Site "Hastings"]
[Date "2025.01.04"]
[Round "3.15"]
[White "Zhu, Yaoyao"]
[Black "Graham, Oliver"]
[Result "0-1"]
[WhiteElo "1990"]
[BlackElo "1789"]
[PlyCount "72"]
[EventDate "2025.01.03"]
[EventType "swiss"]
[EventRounds "5"]
[EventCountry "ENG"]
[SourceTitle "BritBase"]
[Source "John Saunders"]
[SourceDate "2025.01.10"]
[SourceVersion "1"]
[SourceVersionDate "2025.01.10"]
[SourceQuality "1"]

1. e4 e5 2. Nf3 Nc6 3. Bb5 a6 4. Ba4 Be7 5. O-O b5 6. Bb3 Nf6 7. Re1 O-O 8. c3 d6 9. h3 Na5 10. Bc2 c5 11. d4 Nc6 12. d5 Nb8 13. b3 Re8 14. Nbd2 Nbd7 15. a4 Bb7 16. a5 Nf8 17. Nf1 Ng6 18. Ng3 Bc8 19. Be3 Qc7 20. Qd2 h6 21. Kh2 Kh7 22. Ng1 Kh8 23. N1e2 Bd7 24. Rf1 Rf8 25. Nf5 Ng8 26. Neg3 Bf6 27. Nh5 Bxf5 28. exf5 Nf4 29. Nxf4 exf4 30. Bxf4 b4 31. c4 Bxa1 32. Rxa1 Rfe8 33. f6 Nxf6 34. Bxh6 Qe7 35. Be3 Qe5+ 36. Kg1 Qxa1+ 0-1

[Event "Hastings Weekend Open 2024/25"]
[Site "Hastings"]
[Date "2025.01.04"]
[Round "3.16"]
[White "Lesniowski, Paul"]
[Black "Chapman, Luke"]
[Result "0-1"]
[WhiteElo "1874"]
[BlackElo "1766"]
[PlyCount "66"]
[EventDate "2025.01.03"]
[EventType "swiss"]
[EventRounds "5"]
[EventCountry "ENG"]
[SourceTitle "BritBase"]
[Source "John Saunders"]
[SourceDate "2025.01.10"]
[SourceVersion "1"]
[SourceVersionDate "2025.01.10"]
[SourceQuality "1"]

1. e4 e6 2. d4 d5 3. Nd2 dxe4 4. Nxe4 Bd7 5. Nf3 Bc6 6. Bd3 Nd7 7. O-O Ngf6 8. Qe2 Nxe4 9. Bxe4 Bxe4 10. Qxe4 c6 11. c4 Nf6 12. Qe2 Be7 13. h3 O-O 14. Be3 Qc7 15. a3 a5 16. Ne5 Rfd8 17. c5 Nd5 18. Bd2 Bf6 19. Rad1 Bxe5 20. dxe5 a4 21. Bg5 Rd7 22. Rd4 h6 23. Bc1 Rad8 24. Rxa4 Ne7 25. Re4 Rd5 26. b4 Nf5 27. Re1 Rd3 28. g4 Nh4 29. Re3 Qd7 30. Kh2 Qd5 31. Rg1 Rxe3 32. Bxe3 Nf3+ 33. Kg2 Nd4+ 0-1

[Event "Hastings Weekend Open 2024/25"]
[Site "Hastings"]
[Date "2025.01.04"]
[Round "3.17"]
[White "Lee, Younggyu"]
[Black "Kim, Taewoo A"]
[Result "0-1"]
[WhiteElo "1722"]
[BlackElo "1852"]
[PlyCount "100"]
[EventDate "2025.01.03"]
[EventType "swiss"]
[EventRounds "5"]
[EventCountry "ENG"]
[SourceTitle "BritBase"]
[Source "John Saunders"]
[SourceDate "2025.01.10"]
[SourceVersion "1"]
[SourceVersionDate "2025.01.10"]
[SourceQuality "1"]

1. b3 d5 2. Bb2 Bg4 3. f3 Bf5 4. e3 Nd7 5. Nc3 e6 6. Nge2 c6 7. d4 Bd6 8. Qd2 b5 9. O-O-O Ne7 10. h4 h5 11. e4 Bg6 12. e5 Bb4 13. Nf4 Qa5 14. Kb1 Rb8 15. a3 Bxa3 16. Ncxd5 Qxd2 17. Nc7+ Kd8 18. Nfxe6+ fxe6 19. Nxe6+ Ke8 20. Rxd2 Bxb2 21. Kxb2 Nd5 22. c4 bxc4 23. Bxc4 N7b6 24. Rc1 Kd7 25. Nc5+ Ke7 26. Bf1 Rhf8 27. Ra1 Nc8 28. Ba6 Rf4 29. Bb7 Be8 30. Bxc8 Rxc8 31. Rxa7+ Rc7 32. Rxc7+ Nxc7 33. Ne4 Nb5 34. d5 cxd5 35. Rxd5 Rxh4 36. Rd2 Bg6 37. Nc5 Rd4 38. Rxd4 Nxd4 39. Kc3 Ne6 40. Nxe6 Kxe6 41. Kd4 h4 42. b4 Be8 43. Ke4 g5 44. Kd4 Bb5 45. Ke4 Bc6+ 46. Ke3 Kxe5 47. Kf2 Kf4 48. Kg1 Kg3 49. Kf1 Bb5+ 50. Kg1 Ba6 0-1

[Event "Hastings Weekend Open 2024/25"]
[Site "Hastings"]
[Date "2025.01.04"]
[Round "3.18"]
[White "Kendall, Arthur"]
[Black "Taylor, Zebadiah"]
[Result "1/2-1/2"]
[WhiteElo "1841"]
[BlackElo "1636"]
[PlyCount "98"]
[EventDate "2025.01.03"]
[EventType "swiss"]
[EventRounds "5"]
[EventCountry "ENG"]
[SourceTitle "BritBase"]
[Source "John Saunders"]
[SourceDate "2025.01.10"]
[SourceVersion "1"]
[SourceVersionDate "2025.01.10"]
[SourceQuality "1"]

1. d4 Nf6 2. Nf3 c5 3. e3 e6 4. Bd3 Nc6 5. c3 d5 6. Nbd2 Bd7 7. O-O Bd6 8. dxc5 Bxc5 9. e4 O-O 10. exd5 Nxd5 11. Ne4 Be7 12. Qe2 Qc7 13. Rd1 Ne5 14. Nxe5 Qxe5 15. Be3 Nxe3 16. Qxe3 Bc6 17. Qg3 Qxg3 18. Nxg3 Rfd8 19. Be4 Bxe4 20. Nxe4 Kf8 21. Kf1 Ke8 22. Ke2 Rd7 23. Rd3 Rxd3 24. Kxd3 Rd8+ 25. Kc2 f5 26. Nd2 Bc5 27. f3 Be3 28. Nc4 Bh6 29. a4 Ke7 30. Re1 Bf4 31. g3 Bc7 32. Ne5 Bxe5 33. Rxe5 Rd6 34. Re3 Kf6 35. Rd3 Rxd3 36. Kxd3 e5 37. b4 Ke6 38. a5 Kd6 39. c4 b6 40. axb6 axb6 41. h3 h5 42. g4 g6 43. Ke3 Kc6 44. Kf2 h4 45. Ke2 Kd6 46. Kd2 Kc6 47. Kc3 Kd6 48. Kd3 Kc6 49. Kc2 Kd6 1/2-1/2

[Event "Hastings Weekend Open 2024/25"]
[Site "Hastings"]
[Date "2025.01.04"]
[Round "3.19"]
[White "Rastogi, Nayan Keats"]
[Black "Lee, Jungsoo"]
[Result "0-1"]
[WhiteElo "1873"]
[BlackElo "1705"]
[PlyCount "108"]
[EventDate "2025.01.03"]
[EventType "swiss"]
[EventRounds "5"]
[EventCountry "ENG"]
[SourceTitle "BritBase"]
[Source "John Saunders"]
[SourceDate "2025.01.10"]
[SourceVersion "1"]
[SourceVersionDate "2025.01.10"]
[SourceQuality "1"]

1. e4 Nf6 2. e5 Nd5 3. d4 d6 4. Nf3 g6 5. Bc4 Nb6 6. Bb3 Bg7 7. Qe2 O-O 8. O-O Bg4 9. Bf4 Nc6 10. Rd1 dxe5 11. dxe5 Bxf3 12. gxf3 Qe8 13. Nc3 e6 14. Qe3 Ne7 15. Qc5 c6 16. Ne4 Ned5 17. Bg3 Nd7 18. Qd4 f5 19. Nd6 Qe7 20. c4 f4 21. cxd5 fxg3 22. hxg3 Nxe5 23. Qc5 Nxf3+ 24. Kg2 b6 25. Qxc6 Nd4 26. Qb7 Qxd6 27. dxe6 Rfe8 28. Rac1 Kh8 29. Rc7 Qe5 30. Rxg7 Qxg7 31. Qxg7+ Kxg7 32. Rxd4 Rad8 33. Rxd8 Rxd8 34. Ba4 Kf6 35. Bd7 Rb8 36. Kf3 Rb7 37. Ke4 Rc7 38. Kd3 Ke7 39. b4 Rc1 40. a4 Rf1 41. Ke3 Rb1 42. b5 Rb4 43. f4 Rxa4 44. Kf3 h5 45. Kg2 a5 46. bxa6 Rxa6 47. Kh3 Ra5 48. Kh4 Rc5 49. g4 hxg4 50. Kxg4 b5 51. Kh4 b4 52. Ba4 Kxe6 53. Bb3+ Kf6 54. Kg4 Rc3 0-1

[Event "Hastings Weekend Open 2024/25"]
[Site "Hastings"]
[Date "2025.01.04"]
[Round "3.20"]
[White "Lawrence-Cade, Jack"]
[Black "Gartside, Carl"]
[Result "1/2-1/2"]
[WhiteElo "1716"]
[BlackElo "1810"]
[PlyCount "59"]
[EventDate "2025.01.03"]
[EventType "swiss"]
[EventRounds "5"]
[EventCountry "ENG"]
[SourceTitle "BritBase"]
[Source "John Saunders"]
[SourceDate "2025.01.10"]
[SourceVersion "1"]
[SourceVersionDate "2025.01.10"]
[SourceQuality "1"]

1. d4 Nf6 2. Bg5 e6 3. Nd2 h6 4. Bh4 d5 5. e3 c5 6. c3 Nc6 7. Bd3 Bd7 8. f4 Qc7 9. Ngf3 cxd4 10. cxd4 Nb4 11. Bb1 Rc8 12. O-O Nc2 13. Bxc2 Qxc2 14. Qe2 a6 15. a4 Bxa4 16. Ne1 Qc6 17. Nd3 Bb5 18. Rfc1 Qxc1+ 19. Rxc1 Rxc1+ 20. Kf2 Ne4+ 21. Nxe4 Bxd3 22. Qxd3 dxe4 23. Qxe4 Bb4 24. Kf3 O-O 25. Qxb7 Bd2 26. Qxa6 Rfc8 27. Be7 R8c6 28. Qa8+ Rc8 29. Qa6 R8c6 30. Qa8+ 1/2-1/2